Types of Chompies - Statistics

General Stats
  • This quiz has been taken 5 times
  • The average score is 10 of 35
Answer Stats
Hint Answer % Correct
C Chompy
100%
B Bone Chompy
80%
C Chompy Mage
60%
E Enfuego Chompy
60%
G Goo Chompy
60%
C Chompy Bot 9000
40%
C Cruncher
40%
P Purple Chompy
40%
R Red Chompy
40%
A Armored Chompy
20%
B Big Bertha Bubblethorn
20%
B Black Chompy
20%
B Bonehead Chompy
20%
B Boris Blisterbottom
20%
C Chompy Blitzbloom
20%
C Chompy Boomblossom
20%
C Chompy Frostflower
20%
C Chompy Pastepetal
20%
C Chompy Pod
20%
C Chompy Powerhouse
20%
C Chompy Rustbud
20%
C Chompy Worm
20%
C Clockwork Chompy
20%
C Crystal Chompy
20%
F Frigid Chompy
20%
H Hula Chompy
20%
J Jingle Bell Chompy Mage
20%
K King Chompy
20%
M Mega Chompulon
20%
M Mega Chompy
20%
M Mister Chompy
20%
P Pirate Chompy
20%
R Root Runner
20%
S Sand Chompy
20%
S Shadow Chompy
20%
No matching quizzes found
Score Distribution
Percent of People with Each Score
Percentile by Number Answered
Your Score History
You have not taken this quiz